Państwa zapraszane na Copa América - Statystyki

Ogólne statystyki
  • Ten quiz został rozwiązany 81 razy
  • Średni wynik to 6 z 9
Statystyki odpowiedzi
Ilość Państwo % Poprawnych
4 Stany Zjednoczone
99%
10 Meksyk
96%
5 Kostaryka
76%
1 Panama
74%
1 Honduras
68%
2 Jamajka
65%
2 Japonia
58%
1 Haiti
47%
1 Katar
47%
Nie znaleziono quizów pasujących do podanych kryteriów
Rozkład punktacji
Procent ludzi z każdym wynikiem
Percentyl według liczby udzielonych odpowiedzi
Twoja historia wyników
Nie rozwiązałeś tego quizu